The new public personnel administration / (Record no. 349000)
[ view plain ]
| 000 -LEADER | |
|---|---|
| fixed length control field | 01334 a2200205 4500 |
| 020 ## - INTERNATIONAL STANDARD BOOK NUMBER | |
| International Standard Book Number | 0534602398 (hardcover) |
| 020 ## - INTERNATIONAL STANDARD BOOK NUMBER | |
| International Standard Book Number | 9780534602390 (hardcover) |
| 082 ## - DEWEY DECIMAL CLASSIFICATION NUMBER | |
| Classification number | 353.001 |
| 090 ## - LOCALLY ASSIGNED LC-TYPE CALL NUMBER (OCLC); LOCAL CALL NUMBER (RLIN) | |
| -- | 6649 |
| -- | 6649 |
| 100 1# - MAIN ENTRY--PERSONAL NAME | |
| Personal name | Nigro, Lloyd G. |
| 245 14 - TITLE STATEMENT | |
| Title | The new public personnel administration / |
| Statement of responsibility, etc. | Lloyd G. Nigro, Felix A. Nigro, J. Edward Kellough. |
| 250 ## - EDITION STATEMENT | |
| Edition statement | 6th ed. |
| 260 ## - PUBLICATION, DISTRIBUTION, ETC. | |
| Place of publication, distribution, etc. | [S.l.] : |
| Name of publisher, distributor, etc. | Wadsworth Publishing, |
| Date of publication, distribution, etc. | 2006. |
| 300 ## - PHYSICAL DESCRIPTION | |
| Extent | 368 p. ; |
| Dimensions | 24 cm. |
| 520 ## - SUMMARY, ETC. | |
| Summary, etc. | Prepare for your career in public personnel management with THE NEW PUBLIC PERSONNEL ADMINISTRATION! With coverage of public policies, law rulings, and court rulings, this text gives you a solid foundation for advanced studies in specialized areas of public personnel management. Major policy trends and debates are discussed including affirmative action, compensation and benefits, sexual harassment, workplace violence, substance and alcohol abuse, performance appraisal, and collective bargaining. Discussion questions, suggested readings, chapter appendices, informative illustrations, and examples are just a few of the tools that will help you succeed in this course. |
| 700 1# - ADDED ENTRY--PERSONAL NAME | |
| Personal name | Nigro, Felix A. |
| 700 1# - ADDED ENTRY--PERSONAL NAME | |
| Personal name | Kellough, J. Edward. |
| 856 40 - ELECTRONIC LOCATION AND ACCESS | |
| Materials specified | Amazon.com |
| Uniform Resource Identifier | <a href="http://www.amazon.com/exec/obidos/ASIN/0534602398/chopaconline-20">http://www.amazon.com/exec/obidos/ASIN/0534602398/chopaconline-20</a> |
| 942 ## - ADDED ENTRY ELEMENTS (KOHA) | |
| Institution code [OBSOLETE] | NBS |
| Koha item type | Book |
| Call number prefix | 353.001 NIG |
| Withdrawn status | Lost status | Damaged status | Not for loan | Permanent Location | Current Location | Date acquired | Total Checkouts | Total Renewals | Full call number | Barcode | Date last seen | Date last checked out | Price effective from | Koha item type |
|---|---|---|---|---|---|---|---|---|---|---|---|---|---|---|
| Central Library (CL) | Central Library (CL) | 08/28/2013 | 2 | 4 | 353.001 NIG | NBS8823 | 04/04/2024 | 03/03/2020 | 08/28/2013 | Book |
